ბათუმის შოთა რუსთაველის სახელმწიფო უნივერსიტეტის ბიბლიოთეკა

Международный уголовный суд (ბიბ.ჩანაწერი № 35795)

000 -LEADER
fixed length control field 00582nam a2200217Ia 4500
001 - CONTROL NUMBER
control field 1679
003 - CONTROL NUMBER IDENTIFIER
control field GE_BSU
008 - FIXED-LENGTH DATA ELEMENTS--GENERAL INFORMATION
fixed length control field 181216s||||||||xx |||||||||||||| ||und||
020 ## - INTERNATIONAL STANDARD BOOK NUMBER
International Standard Book Number 5851710411
040 ## - CATALOGING SOURCE
Transcribing agency GE_BSU
080 ## - UNIVERSAL DECIMAL CLASSIFICATION NUMBER
Universal Decimal Classification number 343
100 ## - MAIN ENTRY--PERSONAL NAME
Personal name Блищенко,И.П. Фисенко,И.П
245 ## - TITLE STATEMENT
Title Международный уголовный суд
260 ## - PUBLICATION, DISTRIBUTION, ETC.
Place of publication, distribution, etc. Москва
260 ## - PUBLICATION, DISTRIBUTION, ETC.
Name of publisher, distributor, etc. Закон и право
260 ## - PUBLICATION, DISTRIBUTION, ETC.
Date of publication, distribution, etc. 1998
300 ## - PHYSICAL DESCRIPTION
Extent 240стр. 19см.
653 ## - INDEX TERM--UNCONTROLLED
Uncontrolled term Международный уголовный суд
942 ## - ADDED ENTRY ELEMENTS (KOHA)
Koha item type წიგნი
ეგზემპლარები
Withdrawn status Lost status Damaged status Not for loan Date acquired Barcode Date last seen Price effective from Koha item type Public note
        2018-12-17 3248 2018-12-17 2018-12-17 წიგნი დარბაზი